[Event "22. Torneo San Viator"]
[Site "Madrid ESP"]
[Date "2014.03.23"]
[Round "1.45"]
[White "Porris Rebollar, Ivan"]
[Black "Hernandez Herrera, Rodolfo"]
[Result "1/2-1/2"]
[WhiteElo "1529"]
[BlackElo "1348"]
[PlyCount "113"]
[EventDate "2014.03.23"]
[EventType "swiss"]
[EventRounds "9"]
[EventCountry "ESP"]
[SourceTitle "Ajedrez en Madrid"]
[Source "lmi"]
[SourceDate "2014.03.23"]
[SourceVersion "1"]
[SourceVersionDate "2014.07.21"]
[SourceQuality "1"]

1. d4 d5 2. Nf3 Bf5 3. e3 Nf6 4. Be2 e6 5. O-O Be7 6. b3 O-O 7. Nh4 Nfd7 8.
Nxf5 exf5 9. Qd3 g6 10. c4 c6 11. Bd2 Nf6 12. Nc3 Re8 13. Bf3 Bf8 14. cxd5 cxd5
15. Qb5 Ne4 16. Be1 Qd7 17. Qxd5 Nxc3 18. Bxc3 Qxd5 19. Bxd5 Nc6 20. a3 Rac8
21. Rfc1 b6 22. b4 Ne7 23. Bf3 Bg7 24. Bd2 f4 25. g3 fxe3 26. fxe3 Nf5 27. Kf2
Nxd4 28. Ra2 Nb3 29. Rb1 Nxd2 30. Rxd2 Bf6 31. Rbd1 Kg7 32. Rd7 Rc2+ 33. R1d2
Rxd2+ 34. Rxd2 Re7 35. h4 h5 36. Bc6 Rc7 37. b5 g5 38. hxg5 Bxg5 39. Kf3 Re7
40. Rd3 f6 41. e4 Kg6 42. Rd7 Rxd7 43. Bxd7 Kg7 44. Be8 Kh6 45. Ke2 h4 46. gxh4
Bxh4 47. Kd3 Bg3 48. Kc4 Kg5 49. Kd5 Be5 50. Kc6 Kf4 51. Bg6 Bb2 52. a4 Ke5 53.
Kb7 Kd6 54. Kxa7 Kc7 55. Ka6 Bc3 56. Bf5 Bb4 57. Bc8 1/2-1/2

[Event "22. Torneo San Viator"]
[Site "Madrid ESP"]
[Date "2014.03.23"]
[Round "1.46"]
[White "Jimenez Perez, Federico"]
[Black "Dominguez Afonso, Ayraldo"]
[Result "0-1"]
[WhiteElo "1301"]
[BlackElo "1523"]
[PlyCount "66"]
[EventDate "2014.03.23"]
[EventType "swiss"]
[EventRounds "9"]
[EventCountry "ESP"]
[SourceTitle "Ajedrez en Madrid"]
[Source "lmi"]
[SourceDate "2014.03.23"]
[SourceVersion "1"]
[SourceVersionDate "2014.07.21"]
[SourceQuality "1"]

1. e4 e6 2. d4 d5 3. e5 c5 4. c3 Nc6 5. Nf3 Qb6 6. Na3 Nh6 7. Bd3 Bd7 8. Bb5
cxd4 9. Bxc6 Bxc6 10. Nxd4 Rc8 11. O-O Be7 12. b4 O-O 13. Bxh6 gxh6 14. Qh5 Kg7
15. Nac2 Rg8 16. Ne3 Kh8 17. Qxf7 Rg7 18. Qxe6 Rcg8 19. g3 Qd8 20. Ndf5 Bd7 21.
Qxh6 Rg6 22. Qf4 Rf8 23. Qd4 Bxf5 24. Rad1 Be4 25. Nxd5 Bf3 26. e6+ Kg8 27.
Nxe7+ Qxe7 28. Qd7 Qxe6 29. Rfe1 Qxd7 30. Rxd7 Rg7 31. Ree7 Rxe7 32. Rxe7 Rd8
33. h3 Rd1+ 0-1

[Event "22. Torneo San Viator"]
[Site "Madrid ESP"]
[Date "2014.03.23"]
[Round "1.47"]
[White "Ojosnegros Martin, Angel"]
[Black "Torrecillas Adan, Luis"]
[Result "1-0"]
[WhiteElo "1514"]
[BlackElo "1266"]
[PlyCount "91"]
[EventDate "2014.03.23"]
[EventType "swiss"]
[EventRounds "9"]
[EventCountry "ESP"]
[SourceTitle "Ajedrez en Madrid"]
[Source "lmi"]
[SourceDate "2014.03.23"]
[SourceVersion "1"]
[SourceVersionDate "2014.07.21"]
[SourceQuality "1"]

1. e4 e5 2. Nf3 d6 3. Nc3 Nf6 4. Bc4 h6 5. O-O Be7 6. Re1 O-O 7. d4 exd4 8.
Nxd4 Ng4 9. Nd5 Ne5 10. Bb3 Bd7 11. Nxe7+ Qxe7 12. Bd2 Nbc6 13. Bc3 Nxd4 14.
Bxd4 c5 15. Bxe5 dxe5 16. Bd5 Rad8 17. c4 b6 18. Rc1 a5 19. Rc3 Kh7 20. Rd3 f6
21. h3 g5 22. Re2 b5 23. Red2 Rb8 24. cxb5 Bxb5 25. Bc4 Qe8 26. Bxb5 Qxb5 27.
Rb3 Qe8 28. Rd7+ Kg8 29. Qd5+ Kh8 30. Rbb7 Rxb7 31. Qxb7 Qg6 32. f3 f5 33. exf5
Qxf5 34. Qc6 Rf7 35. Qxh6+ Kg8 36. Rd8+ Rf8 37. Rxf8+ Qxf8 38. Qxg5+ Qg7 39.
Qxg7+ Kxg7 40. Kf2 Kf6 41. Ke3 Kf5 42. g4+ Kf6 43. Ke4 Ke6 44. h4 a4 45. b3 Kf6
46. g5+ 1-0

[Event "22. Torneo San Viator"]
[Site "Madrid ESP"]
[Date "2014.03.23"]
[Round "1.48"]
[White "Diaz Del Prado, Carlos"]
[Black "Fintineru Seuleanu, Antonio"]
[Result "0-1"]
[WhiteElo "1224"]
[BlackElo "1498"]
[PlyCount "116"]
[EventDate "2014.03.23"]
[EventType "swiss"]
[EventRounds "9"]
[EventCountry "ESP"]
[SourceTitle "Ajedrez en Madrid"]
[Source "lmi"]
[SourceDate "2014.03.23"]
[SourceVersion "1"]
[SourceVersionDate "2014.07.21"]
[SourceQuality "1"]

1. e4 c5 2. Nc3 Nc6 3. g3 g6 4. Bg2 Bg7 5. d3 d6 6. Be3 e6 7. f4 Qb6 8. Rb1
Nge7 9. Nf3 f5 10. h3 d5 11. Bf2 d4 12. Ne2 Qa5+ 13. Qd2 Qxa2 14. O-O Qa5 15.
Qxa5 Nxa5 16. b4 cxb4 17. Rxb4 Nac6 18. Ra4 Bd7 19. Raa1 a6 20. Nexd4 Nxd4 21.
Bxd4 Bxd4+ 22. Nxd4 Nc6 23. Nxc6 Bxc6 24. e5 Bxg2 25. Kxg2 O-O 26. c4 Rfd8 27.
Rfd1 Rd4 28. Rab1 Ra7 29. Kf3 Kf7 30. Ke3 Rd7 31. d4 Ra8 32. d5 Rad8 33. dxe6+
Kxe6 34. Rxd7 Rxd7 35. c5 Rc7 36. Rb6+ Kd5 37. e6 Kxc5 38. Rb1 Re7 39. Rc1+ Kd5
40. Rc8 Rxe6+ 41. Kf3 b5 42. Rh8 h5 43. g4 hxg4+ 44. hxg4 fxg4+ 45. Kxg4 Re1
46. Rd8+ Kc6 47. Rd4 Kc5 48. Rd7 Kb4 49. Rd6 Rg1+ 50. Kf3 a5 51. Rd4+ Ka3 52.
Rd3+ Ka4 53. Rd4+ b4 54. Ke4 Ka3 55. Rd3+ b3 56. Kd4 Ka2 57. Kc4 b2 58. Rd2 Ka1
0-1

[Event "22. Torneo San Viator"]
[Site "Madrid ESP"]
[Date "2014.03.23"]
[Round "1.49"]
[White "Insua Rodriguez, Antonio"]
[Black "Olias Ruiz, Enrique"]
[Result "0-1"]
[WhiteElo "1497"]
[BlackElo "1209"]
[PlyCount "81"]
[EventDate "2014.03.23"]
[EventType "swiss"]
[EventRounds "9"]
[EventCountry "ESP"]
[SourceTitle "Ajedrez en Madrid"]
[Source "lmi"]
[SourceDate "2014.03.23"]
[SourceVersion "1"]
[SourceVersionDate "2014.07.21"]
[SourceQuality "1"]

1. Nc3 e5 2. Nf3 d6 3. d4 Nd7 4. e4 h6 5. dxe5 dxe5 6. Bc4 Bc5 7. Na4 Qe7 8.
Nxc5 Nxc5 9. Qe2 Nf6 10. Nh4 Ncxe4 11. Bd3 Qb4+ 12. Kd1 O-O 13. a3 Qd4 14. Nf3
Nxf2+ 15. Kd2 N6e4+ 16. Ke1 Nxd3+ 17. cxd3 Bg4 18. Nxd4 Bxe2 19. Nxe2 Nc5 20.
d4 Nd3+ 21. Kd2 e4 22. Rf1 Rad8 23. Ke3 Rfe8 24. Nf4 c5 25. dxc5 Nxc5 26. Bd2
g5 27. Ne2 Rd3+ 28. Kf2 Rxd2 29. Ke1 e3 30. Rf3 Nd3+ 31. Kf1 Nxb2 32. Nc3 e2+
33. Nxe2 Rexe2 34. Rc1 Rxg2 35. Rc7 Rxh2 36. Kg1 Rhg2+ 37. Kh1 Rge2 38. Rf1 Nd3
39. a4 Nf4 40. a5 Nh3 41. Rf2 0-1

[Event "22. Torneo San Viator"]
[Site "Madrid ESP"]
[Date "2014.03.23"]
[Round "1.50"]
[White "Trapero Bueno, Vicente"]
[Black "Munoz Munoz, Pablo Ii"]
[Result "0-1"]
[WhiteElo "1188"]
[BlackElo "1489"]
[PlyCount "94"]
[EventDate "2014.03.23"]
[EventType "swiss"]
[EventRounds "9"]
[EventCountry "ESP"]
[SourceTitle "Ajedrez en Madrid"]
[Source "lmi"]
[SourceDate "2014.03.23"]
[SourceVersion "1"]
[SourceVersionDate "2014.07.21"]
[SourceQuality "1"]

1. d4 d5 2. c4 c6 3. e3 Nf6 4. Nf3 a6 5. a4 e6 6. Bd2 dxc4 7. Bxc4 Nbd7 8. Bd3
Bd6 9. Bc3 O-O 10. O-O c5 11. a5 b5 12. axb6 Qxb6 13. Qc2 a5 14. Nbd2 cxd4 15.
Nxd4 Bb4 16. Nc4 Qb8 17. Nc6 Qc7 18. Nxb4 axb4 19. Rxa8 bxc3 20. bxc3 Nc5 21.
Be2 Na6 22. Bf3 Qxc4 23. Be2 Qc6 24. Bf3 Nd5 25. c4 Qxa8 26. cxd5 exd5 27. Qb3
Be6 28. Ra1 Qc6 29. Qd3 Ra8 30. e4 Nc5 31. Rxa8+ Qxa8 32. Qc2 Nxe4 33. Be2 Qc8
34. Qb1 g6 35. Qd3 Qc3 36. Qxc3 Nxc3 37. Bf3 d4 38. Kf1 d3 39. Ke1 Bf5 40. g4
Be4 41. Bxe4 Nxe4 42. f3 Nc5 43. Kd2 Kf8 44. h3 Ke7 45. h4 Ke6 46. f4 Kd5 47.
Kc3 Ke4 0-1

[Event "22. Torneo San Viator"]
[Site "Madrid ESP"]
[Date "2014.03.30"]
[Round "2.1"]
[White "Rosa Ramirez, Victor D"]
[Black "Elissalt Cardenas, Hector"]
[Result "0-1"]
[WhiteElo "1989"]
[BlackElo "2369"]
[PlyCount "110"]
[EventDate "2014.03.23"]
[EventType "swiss"]
[EventRounds "9"]
[EventCountry "ESP"]
[SourceTitle "Ajedrez en Madrid"]
[Source "lmi"]
[SourceDate "2014.03.23"]
[SourceVersion "1"]
[SourceVersionDate "2014.07.21"]
[SourceQuality "1"]

1. e4 c6 2. Nc3 d5 3. Qf3 e6 4. exd5 cxd5 5. d4 Bd7 6. Bd3 Nc6 7. Nge2 a6 8. a3
g6 9. Bf4 Bg7 10. Qe3 Nf6 11. h3 O-O 12. Bh6 b5 13. Bxg7 Kxg7 14. O-O Qb6 15.
Na2 a5 16. Nac1 a4 17. c3 Ne8 18. h4 e5 19. h5 Nc7 20. h6+ Kg8 21. Qg3 e4 22.
Bc2 Ne7 23. Qh2 Ne6 24. f3 f5 25. Nf4 Qd6 26. Nce2 g5 27. Nxe6 Qxh2+ 28. Kxh2
Bxe6 29. f4 g4 30. Kg3 Rf6 31. Rh1 Ra6 32. Rh2 Bd7 33. Rah1 Kf7 34. Bb1 Rae6
35. Ba2 Bc6 36. Kf2 Nc8 37. Ng3 e3+ 38. Ke1 Nd6 39. Rh5 Nc4 40. Nxf5 Nxb2 41.
Bb1 b4 42. cxb4 Bb5 43. Rg5 Rc6 44. Rg7+ Kf8 45. Nxe3 Rc1+ 46. Kf2 Rxh1 47.
Nxg4 Rxf4+ 48. Kg3 Rf7 49. Rxh7 Rxh7 50. Bxh7 Be2 51. Nh2 Ra1 52. Kf2 Bd3 53.
Bxd3 Nxd3+ 54. Ke2 Rxa3 55. g4 Nf4+ 0-1

[Event "22. Torneo San Viator"]
[Site "Madrid ESP"]
[Date "2014.03.30"]
[Round "2.2"]
[White "Renteria, Jorge"]
[Black "Bolea Jover, Jose"]
[Result "1-0"]
[WhiteElo "2299"]
[BlackElo "2035"]
[PlyCount "95"]
[EventDate "2014.03.23"]
[EventType "swiss"]
[EventRounds "9"]
[EventCountry "ESP"]
[SourceTitle "Ajedrez en Madrid"]
[Source "lmi"]
[SourceDate "2014.03.23"]
[SourceVersion "1"]
[SourceVersionDate "2014.07.21"]
[SourceQuality "1"]

1. e4 c5 2. Nf3 Nc6 3. d4 cxd4 4. Nxd4 g6 5. c4 Bg7 6. Nc2 d6 7. Be2 Qb6 8. Nd2
Nf6 9. O-O O-O 10. Rb1 Bh6 11. Bf3 Ne5 12. Qe2 Nxf3+ 13. Nxf3 Bxc1 14. Rfxc1
Bg4 15. Ne3 Bxf3 16. Qxf3 Qd4 17. Nd5 Nxd5 18. exd5 Rac8 19. b3 Rc7 20. Re1 b5
21. cxb5 Rc2 22. Rbd1 Rd2 23. h3 e5 24. dxe6 fxe6 25. Rxd2 Qxd2 26. Qe2 Qxe2
27. Rxe2 e5 28. Rc2 Rf7 29. Rc6 Rd7 30. Kf1 Kf7 31. Ke2 d5 32. b6 axb6 33. Rxb6
Rc7 34. Kd2 Ke7 35. a4 Kd7 36. a5 Rc6 37. Rb5 Kd6 38. b4 e4 39. Rb7 Ke5 40. b5
Rc4 41. a6 Ra4 42. a7 d4 43. b6 Ra2+ 44. Kc1 d3 45. Rb8 Ra1+ 46. Kb2 d2 47. Rd8
Ra6 48. Kc2 1-0

[Event "22. Torneo San Viator"]
[Site "Madrid ESP"]
[Date "2014.03.30"]
[Round "2.3"]
[White "Sotoca Aguado, Jose"]
[Black "Bermejo Arruego, Luis"]
[Result "0-1"]
[WhiteElo "1964"]
[BlackElo "2175"]
[PlyCount "88"]
[EventDate "2014.03.23"]
[EventType "swiss"]
[EventRounds "9"]
[EventCountry "ESP"]
[SourceTitle "Ajedrez en Madrid"]
[Source "lmi"]
[SourceDate "2014.03.23"]
[SourceVersion "1"]
[SourceVersionDate "2014.07.21"]
[SourceQuality "1"]

1. e4 g6 2. d4 Bg7 3. Nf3 c5 4. c3 cxd4 5. cxd4 d5 6. e5 Nc6 7. Nc3 Nh6 8. Be2
O-O 9. O-O Bf5 10. Qb3 Qd7 11. Rd1 Rfd8 12. Bf4 Rac8 13. Rac1 Bf8 14. Qa4 a6
15. b4 Be4 16. Qb3 Qf5 17. Bg3 g5 18. b5 axb5 19. Nxb5 Qg6 20. Rc3 Nf5 21. Ne1
Na5 22. Qb4 Qb6 23. f3 e6 24. Qb2 Nxg3 25. hxg3 Bg6 26. Qd2 Bb4 27. Rdc1 Bxc3
28. Rxc3 Rxc3 29. Qxc3 Nc6 30. f4 Ra8 31. a3 Qa5 32. Qxa5 Rxa5 33. Nf3 gxf4 34.
gxf4 Bc2 35. Kf2 Na7 36. Nc7 Rxa3 37. g4 Nc6 38. Ne8 Kf8 39. Nf6 Be4 40. Ng5
Nxd4 41. Ngxe4 Nxe2 42. Kxe2 dxe4 43. Nxh7+ Ke7 44. Nf6 Rf3 0-1

[Event "22. Torneo San Viator"]
[Site "Madrid ESP"]
[Date "2014.03.30"]
[Round "2.4"]
[White "Iturbide Arnedo, Oscar"]
[Black "Cervino Rossel, Cristobal"]
[Result "0-1"]
[WhiteElo "2128"]
[BlackElo "2018"]
[PlyCount "98"]
[EventDate "2014.03.23"]
[EventType "swiss"]
[EventRounds "9"]
[EventCountry "ESP"]
[SourceTitle "Ajedrez en Madrid"]
[Source "lmi"]
[SourceDate "2014.03.23"]
[SourceVersion "1"]
[SourceVersionDate "2014.07.21"]
[SourceQuality "1"]

1. d4 Nf6 2. Bg5 e6 3. Nd2 d5 4. e3 Be7 5. Bd3 c5 6. c3 Nc6 7. f4 Qc7 8. Ngf3
h6 9. Bxf6 Bxf6 10. Ne5 Nxe5 11. fxe5 Bh4+ 12. g3 Bg5 13. Qe2 Bd7 14. O-O O-O
15. h4 Be7 16. Qg4 f5 17. exf6 Rxf6 18. Rxf6 Bxf6 19. Rf1 Rf8 20. Qg6 Be8 21.
Qh7+ Kf7 22. Kg2 Ke7 23. Nf3 Bf7 24. e4 Qb8 25. e5 Rh8 26. exf6+ gxf6 27. Qg7
Rg8 28. Qxf6+ Kxf6 29. Ne5+ Ke7 30. Rxf7+ Ke8 31. Bb5+ Kd8 32. Rd7+ Kc8 33. Rh7
Qd6 34. Bd7+ Kb8 35. Rxh6 Qa6 36. c4 Qxa2 37. Bxe6 Qxb2+ 38. Kh3 Rg7 39. Bxd5
Qf2 40. Ng4 Qxd4 41. Nf6 a5 42. Rh8+ Kc7 43. Ne4 Rxg3+ 44. Kxg3 Qxh8 45. Nxc5
b6 46. Ne4 a4 47. Kg4 a3 48. c5 bxc5 49. h5 Qe5 0-1

[Event "22. Torneo San Viator"]
[Site "Madrid ESP"]
[Date "2014.03.30"]
[Round "2.5"]
[White "Morera Rodriguez, Ignacio"]
[Black "Gutierrez Lopez, Carlos"]
[Result "0-1"]
[WhiteElo "1843"]
[BlackElo "2115"]
[PlyCount "60"]
[EventDate "2014.03.23"]
[EventType "swiss"]
[EventRounds "9"]
[EventCountry "ESP"]
[SourceTitle "Ajedrez en Madrid"]
[Source "lmi"]
[SourceDate "2014.03.23"]
[SourceVersion "1"]
[SourceVersionDate "2014.07.21"]
[SourceQuality "1"]

1. d4 Nf6 2. c4 c5 3. d5 b5 4. Nd2 bxc4 5. e4 c3 6. bxc3 d6 7. Ngf3 g6 8. Bc4
Nbd7 9. O-O Bg7 10. Rb1 O-O 11. Qc2 Nb6 12. Bb5 Bd7 13. a4 Ne8 14. c4 Nc7 15.
a5 Nxb5 16. axb6 Nc3 17. b7 Rb8 18. Rb3 Ba4 19. e5 Ne2+ 20. Kh1 Nxc1 21. Rxc1
Rxb7 22. Rxb7 Bxc2 23. Rxc2 Qa5 24. Nb3 Qa4 25. Nfd2 Bxe5 26. Rxe7 Bf6 27. Rb7
Re8 28. Rc1 Bg5 29. g3 Bxd2 30. Nxd2 Qa2 0-1

[Event "22. Torneo San Viator"]
[Site "Madrid ESP"]
[Date "2014.03.30"]
[Round "2.6"]
[White "Aziz Ortego, Omar Luis"]
[Black "Garcia Galeote, Lorenzo"]
[Result "1-0"]
[WhiteElo "2107"]
[BlackElo "1973"]
[PlyCount "51"]
[EventDate "2014.03.23"]
[EventType "swiss"]
[EventRounds "9"]
[EventCountry "ESP"]
[SourceTitle "Ajedrez en Madrid"]
[Source "lmi"]
[SourceDate "2014.03.23"]
[SourceVersion "1"]
[SourceVersionDate "2014.07.21"]
[SourceQuality "1"]

1. e4 Nc6 2. d4 d5 3. e5 f6 4. f4 Bf5 5. c3 e6 6. Nf3 Nh6 7. a4 Be7 8. a5 O-O
9. a6 b6 10. Bb5 Na5 11. Nbd2 c6 12. Be2 b5 13. b4 Nc4 14. Nxc4 dxc4 15. O-O
Be4 16. Be3 Ng4 17. Bd2 f5 18. Ng5 Bxg5 19. fxg5 Qd5 20. h3 h5 21. Bf3 Nxe5 22.
dxe5 Bxf3 23. Rxf3 Rad8 24. Rf2 Qxe5 25. Qxh5 Rd5 26. g6 1-0

[Event "22. Torneo San Viator"]
[Site "Madrid ESP"]
[Date "2014.03.30"]
[Round "2.7"]
[White "San Felipe Asis, Raquel"]
[Black "Medrano Del Val, Julio"]
[Result "0-1"]
[WhiteElo "1654"]
[BlackElo "1794"]
[PlyCount "88"]
[EventDate "2014.03.23"]
[EventType "swiss"]
[EventRounds "9"]
[EventCountry "ESP"]
[SourceTitle "Ajedrez en Madrid"]
[Source "lmi"]
[SourceDate "2014.03.23"]
[SourceVersion "1"]
[SourceVersionDate "2014.07.21"]
[SourceQuality "1"]

1. e4 c5 2. Nf3 Nc6 3. d4 cxd4 4. Nxd4 Nf6 5. Nc3 g6 6. f3 d6 7. Be3 Bg7 8. Bc4
O-O 9. Qd2 Bd7 10. O-O-O Rc8 11. Bb3 Na5 12. Bh6 Nxb3+ 13. Nxb3 Be6 14. Bxg7
Kxg7 15. Nd4 Qa5 16. Nxe6+ fxe6 17. Qd4 e5 18. Qa4 Qxa4 19. Nxa4 Rc6 20. Nc3
Rfc8 21. Rd2 a6 22. a4 Kf7 23. Kb1 Rc5 24. Rc1 b5 25. axb5 axb5 26. Nd5 Nxd5
27. Rxd5 Rxd5 28. exd5 Rc4 29. Rd1 e6 30. b3 Rc5 31. dxe6+ Kxe6 32. g4 Rd5 33.
Kc1 h5 34. h3 hxg4 35. hxg4 Rxd1+ 36. Kxd1 d5 37. Ke2 Kd6 38. Ke3 g5 39. b4 d4+
40. Kd3 Kd5 41. c3 dxc3 42. Kxc3 e4 43. fxe4+ Kxe4 44. Kd2 Kf4 0-1

[Event "22. Torneo San Viator"]
[Site "Madrid ESP"]
[Date "2014.03.30"]
[Round "2.8"]
[White "Garcia Martin, Juan Manuel"]
[Black "Jaumandreu Llopis, Antonio"]
[Result "1-0"]
[WhiteElo "1787"]
[BlackElo "1563"]
[PlyCount "73"]
[EventDate "2014.03.23"]
[EventType "swiss"]
[EventRounds "9"]
[EventCountry "ESP"]
[SourceTitle "Ajedrez en Madrid"]
[Source "lmi"]
[SourceDate "2014.03.23"]
[SourceVersion "1"]
[SourceVersionDate "2014.07.21"]
[SourceQuality "1"]

1. d4 Nf6 2. Bf4 c5 3. e3 d6 4. c3 b6 5. Nf3 Bb7 6. Bb5+ Nbd7 7. O-O a6 8. Ba4
b5 9. Bc2 e6 10. Nbd2 Be7 11. e4 O-O 12. Bg5 e5 13. Qe2 Qc7 14. dxc5 Nxc5 15.
Bxf6 Bxf6 16. Nb3 Ne6 17. Rfd1 Rfd8 18. Rd2 Rd7 19. Rad1 Rad8 20. a3 Nf4 21.
Qe3 Ba8 22. g3 Ng6 23. Nc1 Be7 24. Bb3 Qa7 25. Qxa7 Rxa7 26. Bd5 Bxd5 27. Rxd5
Rad7 28. h4 f6 29. h5 Nf8 30. Nh4 g6 31. hxg6 hxg6 32. Nd3 Ne6 33. Nxg6 Kf7 34.
Nxe7 Kxe7 35. Nb4 Nc7 36. Nc6+ Ke8 37. R5d2 1-0

[Event "22. Torneo San Viator"]
[Site "Madrid ESP"]
[Date "2014.03.30"]
[Round "2.9"]
[White "Rufo Yebra, Benito"]
[Black "Osorio Ramos, Francisco"]
[Result "0-1"]
[WhiteElo "1572"]
[BlackElo "1786"]
[PlyCount "106"]
[EventDate "2014.03.23"]
[EventType "swiss"]
[EventRounds "9"]
[EventCountry "ESP"]
[SourceTitle "Ajedrez en Madrid"]
[Source "lmi"]
[SourceDate "2014.03.23"]
[SourceVersion "1"]
[SourceVersionDate "2014.07.21"]
[SourceQuality "1"]

1. Nf3 Nf6 2. d4 d5 3. Nc3 c6 4. Bf4 e6 5. e3 Bd6 6. Be5 Bxe5 7. Nxe5 Nbd7 8.
Nf3 O-O 9. Bd3 a6 10. Ne2 b5 11. a3 c5 12. c3 Re8 13. Ne5 Nxe5 14. dxe5 Ng4 15.
Qc2 g6 16. Nf4 Nxe5 17. Be2 Qf6 18. h4 Bb7 19. g4 d4 20. Rh3 dxe3 21. fxe3 Rad8
22. Rd1 Rxd1+ 23. Kxd1 Rd8+ 24. Kc1 c4 25. g5 Qf5 26. Qxf5 exf5 27. h5 Re8 28.
Rh4 Nf3 29. Bxf3 Bxf3 30. Kd2 Rd8+ 31. Ke1 Rd1+ 32. Kf2 Bxh5 33. Nxh5 gxh5 34.
Rxh5 Rd2+ 35. Kf3 Rxb2 36. Rh6 Rb3 37. Rxa6 Rxc3 38. Ra5 Rb3 39. a4 c3 40. Ra8+
Kg7 41. axb5 Rxb5 42. Rc8 Kg6 43. Rg8+ Kh5 44. Kf4 Rc5 45. Rh8 Rc4+ 46. Kxf5
Kh4 47. Rxh7+ Kg3 48. Rh1 c2 49. Rc1 Kf3 50. Kf6 Rc7 51. e4 Kxe4 52. Rxc2 Rxc2
53. Kxf7 Kf5 0-1

[Event "22. Torneo San Viator"]
[Site "Madrid ESP"]
[Date "2014.03.30"]
[Round "2.10"]
[White "Garcia-Ruiz Fuentes, Angel M"]
[Black "Jordana Vargas, Julio"]
[Result "1-0"]
[WhiteElo "2025"]
[BlackElo "1948"]
[PlyCount "77"]
[EventDate "2014.03.23"]
[EventType "swiss"]
[EventRounds "9"]
[EventCountry "ESP"]
[SourceTitle "Ajedrez en Madrid"]
[Source "lmi"]
[SourceDate "2014.03.23"]
[SourceVersion "1"]
[SourceVersionDate "2014.07.21"]
[SourceQuality "1"]

1. e4 c5 2. Nf3 Nc6 3. d4 cxd4 4. Nxd4 g6 5. Nc3 Bg7 6. Be3 Nf6 7. Be2 O-O 8.
Nb3 a5 9. a4 d6 10. O-O Be6 11. f4 Rc8 12. Bf3 Bxb3 13. cxb3 Nd7 14. Rc1 Nb4
15. Bg4 Rc6 16. Bxd7 Qxd7 17. Bd4 Rfc8 18. Bxg7 Kxg7 19. Qd4+ f6 20. e5 Qe6 21.
Rce1 dxe5 22. fxe5 f5 23. Qh4 Rc5 24. Nb5 Rxe5 25. Nd4 Qf6 26. Nxf5+ Kh8 27.
Qxf6+ exf6 28. Rxe5 fxe5 29. Nd6 Rc7 30. Ne8 Rg7 31. Nxg7 Kxg7 32. Rf3 Nc6 33.
Rc3 Kf6 34. Rxc6+ bxc6 35. b4 Ke6 36. bxa5 Kd6 37. b4 c5 38. bxc5+ Kxc5 39. Kf2
1-0

[Event "22. Torneo San Viator"]
[Site "Madrid ESP"]
[Date "2014.03.30"]
[Round "2.11"]
[White "Rodriguez Bittar, Karim Javier"]
[Black "Perez Gonzalez, Manuel"]
[Result "1-0"]
[WhiteElo "1787"]
[BlackElo "1625"]
[PlyCount "53"]
[EventDate "2014.03.23"]
[EventType "swiss"]
[EventRounds "9"]
[EventCountry "ESP"]
[SourceTitle "Ajedrez en Madrid"]
[Source "lmi"]
[SourceDate "2014.03.23"]
[SourceVersion "1"]
[SourceVersionDate "2014.07.21"]
[SourceQuality "1"]

1. e4 d6 2. Nc3 e5 3. Nf3 Nf6 4. Bc4 Be7 5. h3 O-O 6. d4 exd4 7. Nxd4 a6 8. a4
Bd7 9. O-O Nc6 10. Be3 Qc8 11. f4 Nxd4 12. Bxd4 Be6 13. Bd3 c5 14. Bf2 Qc6 15.
f5 Bd7 16. Qe2 Rfe8 17. b3 Bd8 18. Qf3 Ba5 19. Nd5 Nxd5 20. exd5 Qc8 21. f6 g6
22. Be1 Bxe1 23. Raxe1 b5 24. axb5 axb5 25. Qf4 Kh8 26. Re7 Rf8 27. Qh6 1-0

[Event "22. Torneo San Viator"]
[Site "Madrid ESP"]
[Date "2014.03.30"]
[Round "2.13"]
[White "Garcia-Osorio Prado, Miguel A"]
[Black "Julian Serra, Rogelio"]
[Result "1/2-1/2"]
[WhiteElo "1742"]
[BlackElo "1991"]
[PlyCount "88"]
[EventDate "2014.03.23"]
[EventType "swiss"]
[EventRounds "9"]
[EventCountry "ESP"]
[SourceTitle "Ajedrez en Madrid"]
[Source "lmi"]
[SourceDate "2014.03.23"]
[SourceVersion "1"]
[SourceVersionDate "2014.07.21"]
[SourceQuality "1"]

1. d4 g6 2. c4 Bg7 3. e3 d6 4. Nf3 Bg4 5. Be2 c5 6. O-O Nc6 7. d5 Bxf3 8. Bxf3
Ne5 9. Be2 Nf6 10. Nd2 O-O 11. Rb1 b5 12. f4 Nxc4 13. Nxc4 bxc4 14. Bxc4 Rb8
15. Qc2 Qd7 16. e4 Ng4 17. h3 Bd4+ 18. Kh1 Ne3 19. Bxe3 Bxe3 20. Qd3 Bd4 21. b4
Rb6 22. bxc5 Bxc5 23. e5 Rfb8 24. e6 fxe6 25. dxe6 Qe8 26. Rxb6 Rxb6 27. f5 Bb4
28. f6 exf6 29. Rxf6 d5 30. Qxd5 Be7 31. Rf1 Qc6 32. Qxc6 Rxc6 33. Bb5 Rc5 34.
Bd7 Rf5 35. Rxf5 gxf5 36. a4 Kg7 37. g3 a5 38. Kg2 Kf6 39. Kf3 Kg5 40. h4+ Kf6
41. g4 fxg4+ 42. Kxg4 Bb4 43. Kf4 h6 44. Ke4 Ke7 1/2-1/2

[Event "22. Torneo San Viator"]
[Site "Madrid ESP"]
[Date "2014.03.30"]
[Round "2.14"]
[White "Barahona Torrijos, Angel"]
[Black "Petru, Marius Ioan"]
[Result "1-0"]
[WhiteElo "1870"]
[BlackElo "1742"]
[PlyCount "69"]
[EventDate "2014.03.23"]
[EventType "swiss"]
[EventRounds "9"]
[EventCountry "ESP"]
[SourceTitle "Ajedrez en Madrid"]
[Source "lmi"]
[SourceDate "2014.03.23"]
[SourceVersion "1"]
[SourceVersionDate "2014.07.21"]
[SourceQuality "1"]

1. e4 e6 2. d4 d5 3. Nc3 Nf6 4. e5 Nfd7 5. Nce2 c5 6. c3 Nc6 7. f4 Qb6 8. Nf3
Be7 9. a3 a5 10. g3 f6 11. Bh3 Nf8 12. O-O cxd4 13. cxd4 Ng6 14. Kh1 O-O 15.
Nc3 Bd7 16. Nxd5 Qd8 17. Nxe7+ Qxe7 18. d5 Nd8 19. exf6 Qxf6 20. Qb3 Kh8 21.
Be3 Qe7 22. Ne5 Nxe5 23. fxe5 Rxf1+ 24. Rxf1 h6 25. Qd3 exd5 26. Bxd7 Ne6 27.
Qxd5 Rd8 28. Qxe6 Rxd7 29. Qxe7 Rxe7 30. Bd4 Kg8 31. Re1 Kf7 32. e6+ Kg6 33.
Bc5 Re8 34. e7 Kf7 35. Rf1+ 1-0

[Event "22. Torneo San Viator"]
[Site "Madrid ESP"]
[Date "2014.03.30"]
[Round "2.15"]
[White "Tsakas, Nikolaos"]
[Black "Alonso Abad, Enrique"]
[Result "0-1"]
[WhiteElo "1738"]
[BlackElo "1917"]
[PlyCount "42"]
[EventDate "2014.03.23"]
[EventType "swiss"]
[EventRounds "9"]
[EventCountry "ESP"]
[SourceTitle "Ajedrez en Madrid"]
[Source "lmi"]
[SourceDate "2014.03.23"]
[SourceVersion "1"]
[SourceVersionDate "2014.07.21"]
[SourceQuality "1"]

1. e4 e6 2. d4 d5 3. exd5 exd5 4. Nf3 Bd6 5. Bd3 Nc6 6. c3 Bg4 7. Be3 Nge7 8.
Nbd2 Qd7 9. Qc2 Ng6 10. h3 Be6 11. Ng5 Nh4 12. g4 Ng2+ 13. Ke2 Bf4 14. Nxe6
Qxe6 15. Nf1 g6 16. Kf3 Nh4+ 17. Kxf4 Qd6+ 18. Kg5 Ng2 19. Bxg6 Qe7+ 20. Kh6
hxg6+ 21. Kg7 O-O-O 0-1